<?xml version="1.0" encoding="UTF-8"?><?xml-stylesheet type="text/xsl" href="static/style.xsl"?><OAI-PMH xmlns="http://www.openarchives.org/OAI/2.0/" xmlns:xsi="http://www.w3.org/2001/XMLSchema-instance" xsi:schemaLocation="http://www.openarchives.org/OAI/2.0/ http://www.openarchives.org/OAI/2.0/OAI-PMH.xsd"><responseDate>2026-04-19T06:35:11Z</responseDate><request verb="GetRecord" identifier="oai:riubu.ubu.es:10259/10947" metadataPrefix="marc">https://riubu.ubu.es/oai/request</request><GetRecord><record><header><identifier>oai:riubu.ubu.es:10259/10947</identifier><datestamp>2025-10-10T00:05:38Z</datestamp><setSpec>com_10259_5786</setSpec><setSpec>com_10259_5086</setSpec><setSpec>com_10259_2604</setSpec><setSpec>col_10259_5787</setSpec></header><metadata><record xmlns="http://www.loc.gov/MARC21/slim" xmlns:doc="http://www.lyncode.com/xoai" xmlns:xsi="http://www.w3.org/2001/XMLSchema-instance" xmlns:dcterms="http://purl.org/dc/terms/" xsi:schemaLocation="http://www.loc.gov/MARC21/slim http://www.loc.gov/standards/marcxml/schema/MARC21slim.xsd">
<leader>00925njm 22002777a 4500</leader>
<datafield tag="042" ind1=" " ind2=" ">
<subfield code="a">dc</subfield>
</datafield>
<datafield tag="720" ind1=" " ind2=" ">
<subfield code="a">Bonet-Forteza, Pere Joan</subfield>
<subfield code="e">author</subfield>
</datafield>
<datafield tag="720" ind1=" " ind2=" ">
<subfield code="a">Hortigüela Alcalá, David</subfield>
<subfield code="e">author</subfield>
</datafield>
<datafield tag="720" ind1=" " ind2=" ">
<subfield code="a">Muntaner-Mas, Adrià</subfield>
<subfield code="e">author</subfield>
</datafield>
<datafield tag="260" ind1=" " ind2=" ">
<subfield code="c">2025-05</subfield>
</datafield>
<datafield tag="520" ind1=" " ind2=" ">
<subfield code="a">This article offers a critical analysis of the curricular development of the physical education&#xd;
(PE) area in primary education in the Balearic Islands. It examines the achievements and&#xd;
challenges encountered during the adaptation of the national framework to regional needs,&#xd;
emphasising teacher involvement, contextualisation, and the integration of local culture. It also&#xd;
highlights the effects of political instability, tight deadlines, and the lack of coordination across&#xd;
different educational levels. Finally, it proposes strategies for future curricular reforms aimed at&#xd;
enhancing coherence, equity, quality, and educational innovation.</subfield>
</datafield>
<datafield tag="024" ind2=" " ind1="8">
<subfield code="a">0300-4279</subfield>
</datafield>
<datafield tag="024" ind2=" " ind1="8">
<subfield code="a">https://hdl.handle.net/10259/10947</subfield>
</datafield>
<datafield tag="024" ind2=" " ind1="8">
<subfield code="a">10.1080/03004279.2025.2512197</subfield>
</datafield>
<datafield tag="024" ind2=" " ind1="8">
<subfield code="a">1475-7575</subfield>
</datafield>
<datafield ind1=" " ind2=" " tag="653">
<subfield code="a">Curriculum development</subfield>
</datafield>
<datafield ind1=" " ind2=" " tag="653">
<subfield code="a">Primary education</subfield>
</datafield>
<datafield ind1=" " ind2=" " tag="653">
<subfield code="a">Physical education</subfield>
</datafield>
<datafield ind1=" " ind2=" " tag="653">
<subfield code="a">Curriculum adaptation</subfield>
</datafield>
<datafield ind1=" " ind2=" " tag="653">
<subfield code="a">Educational equity</subfield>
</datafield>
<datafield tag="245" ind1="0" ind2="0">
<subfield code="a">A critical analysis of the curriculum development process for physical education in primary education in Spain: challenges, achievements and future proposals</subfield>
</datafield>
</record></metadata></record></GetRecord></OAI-PMH>